00329 a2200145 450000100060000002000150000604000240002110000280004524000300007324500250010330000070012836200090013544000080014465000310015269710 a853220175X cAnchieta - Itaigara aGomes, Álvaro Cardoso10aO menino invisívellpor10aO menino invisível a290 a1998 1aFTD 4aLiteratura infanto-juvenil